00425nam a2200157Ia 4500008004100000020001000041040001700051041001200068082001900080100002100099245002500120250001300145260004100158300001100199500005700210230917s9999||||xx |||||||||||||| ||und|| cRS899 e252484aMAIN aEnglish a005.1 S55S(10) aSommerville, Ian 0aSoftware engineering a10th ed. aNoidabPearson India Educationc2018 a808 p. a3371 20/12/2018 APD19/1089548 19/01/2019 Main Budget